[Event "Irish Championship 2020"]
[Site "Dublin"]
[Date "2020.08.09"]
[Round "9.12"]
[White "Byrne, Alex"]
[Black "Casey, Eoghan"]
[Result "1/2-1/2"]
[WhiteElo "1976"]
[BlackElo "1954"]
[Annotator "NA"]
[PlyCount "111"]
[EventDate "2020.08.01"]
[EventType "swiss"]
[EventCountry "IRL"]
[SourceTitle "playchess.com"]
[Source "ChessBase"]
[SourceQuality "1"]
[TimeControl "8100+35"]

1. e4 {[%emt 0:00:00]} c5 {[%emt 0:00:00]} 2. c3 {[%emt 0:00:00]} d5 {[%emt 0:00:00]} 3. exd5 {[%emt 0:00:00]} Nf6 {[%emt 0:00:00]} 4. Nf3 {[%emt 0:00:00]} Nxd5 {[%emt 0:00:00]} 5. d4 {[%emt 0:00:00]} cxd4 {[%emt 0:00:00]} 6. cxd4 {[%emt 0:00:14]} g6 {[%emt 0:02:44]} 7. Nc3 {[%emt 0:02:13]} Bg7 {[%emt 0:00:51]} 8. Bc4 {[%emt 0:03:30]} Nb6 {[%emt 0:01:22]} 9. Bb3 {[%emt 0:00:28]} O-O {[%emt 0:00:20]} 10. O-O {[%emt 0:00:03]} Bg4 {[%emt 0:01:13]} 11. h3 {[%emt 0:01:58]} Bxf3 $1 {[%emt 0:02:40]} 12. Qxf3 {[%emt 0:00:01]} Nc6 {[%emt 0:00:36]} 13. Be3 {[%emt 0:01:20]} Qd7 {[%emt 0:32:45] [#] D94: Grünfeld: 4 Nf3 Bg7 5 e3.} 14. Ne4 $146 {[%emt 0:20:02]} (14. d5 $11 Na5 15. Rfe1) ({Predecessor:} 14. Rad1 Nxd4 15. Bxd4 Bxd4 16. Ne2 e5 17. Nxd4 exd4 18. Rd3 Rad8 19. Rfd1 Qe7 20. Rxd4 Rxd4 21. Rxd4 {½-½ (30) Smirin,I (2659)-Grischuk,A (2709) Rishon Le Ziyyon 2006}) 14... Nxd4 {[%emt 0:07:13]} 15. Bxd4 {[%emt 0:04:09]} Qxd4 {[%emt 0:00:30]} 16. Rad1 {[%emt 0:00:38]} Qxb2 {[%emt 0:23:39]} 17. Nc5 {[%emt 0:23:31]} Qc3 {[%emt 0:03:36]} 18. Qxc3 {[%emt 0:00:25]} Bxc3 {[%emt 0:00:02]} 19. Nxb7 {[%emt 0:02:51]} Rfc8 {[%emt 0:35:28]} 20. Rd3 {[%emt 0:05:42]} Bb4 {[%emt 0:08:56]} 21. a3 {[%emt 0:07:58]} Rab8 {[%emt 0:13:02]} 22. axb4 {[%emt 0:00:46]} Rxb7 {[%emt 0:00:05]} 23. f4 {[%emt 0:02:48]} e6 {[%emt 0:03:31]} 24. g4 {[%emt 0:00:10]} Nd7 {[%emt 0:01:18]} 25. f5 {[%emt 0:03:31]} Nf8 {[%emt 0:02:47]} 26. Rf4 {[%emt 0:05:38]} Rcb8 {[%emt 0:00:53]} 27. fxe6 {[%emt 0:00:12]} Nxe6 {[%emt 0:00:26]} 28. Bxe6 {[%emt 0:00:03]} fxe6 {[%emt 0:00:06]} 29. Rd6 {[%emt 0:00:08]} Rxb4 {[%emt 0:05:36]} 30. Rxb4 {[%emt 0:00:02]} Rxb4 {[%emt 0:00:01]} 31. Rxe6 {[%emt 0:00:01]} Ra4 {[%emt 0:00:05]} 32. Re7 {[%emt 0:00:26]} Ra2 {[%emt 0:01:04]} 33. Rb7 {[%emt 0:00:08]} a5 {[%emt 0:00:13]} 34. Ra7 $2 {[%emt 0:00:02]} (34. Kf1) 34... a4 {[%emt 0:00:05]} 35. Kh1 {[%emt 0:00:17]} a3 {[%emt 0:00:27]} 36. Kg1 {[%emt 0:00:01]} h6 {[%emt 0:00:19]} 37. Kh1 {[%emt 0:00:08]} Ra1+ {[%emt 0:01:32]} 38. Kg2 {[%emt 0:00:02]} a2 {[%emt 0:00:05]} 39. Kh2 {[%emt 0:00:04]} Kf8 {[%emt 0:00:31]} 40. Kg2 {[%emt 0:00:05]} Ke8 {[%emt 0:00:15]} 41. Kh2 {[%emt 0:00:00]} Kd8 {[%emt 0:00:07]} 42. Kg2 {[%emt 0:00:01]} Kc8 {[%emt 0:00:08]} 43. Kh2 {[%emt 0:00:01]} Kb8 {[%emt 0:00:06]} 44. Ra3 {[%emt 0:00:04]} Kb7 {[%emt 0:00:11]} 45. Kg2 {[%emt 0:00:10]} Kb6 {[%emt 0:00:06]} 46. Kh2 {[%emt 0:00:09]} Kb5 {[%emt 0:02:08]} 47. Kg2 {[%emt 0:00:05]} Kc5 {[%emt 0:00:59]} 48. Ra4 {[%emt 0:00:24]} Kd5 {[%emt 0:00:13]} 49. Ra5+ {[%emt 0:00:06]} Ke4 {[%emt 0:00:06]} 50. Ra3 {[%emt 0:00:15]} Kf4 {[%emt 0:00:18]} 51. Ra5 {[%emt 0:00:11]} Ke4 {[%emt 0:04:29]} 52. Ra4+ {[%emt 0:00:06]} Ke5 {[%emt 0:00:14]} 53. Ra5+ {[%emt 0:00:10]} Kf4 $19 {[%emt 0:00:27]} 54. Kh2 {[%emt 0:00:04]} Kf3 {[%emt 0:01:48]} 55. Ra3+ {[%emt 0:00:08]} Ke4 {[%emt 0:00:36]} 56. Ra5 {[%emt 0:00:11]} 1/2-1/2

[Event "Irish Championship 2020"]
[Site "Dublin"]
[Date "2020.08.09"]
[Round "9.13"]
[White "Mirza, Diana"]
[Black "Moran, Darragh"]
[Result "1-0"]
[WhiteElo "1939"]
[BlackElo "1873"]
[Annotator "ChessBase"]
[PlyCount "116"]
[EventDate "2020.08.01"]
[EventType "swiss"]
[EventCountry "IRL"]
[SourceTitle "playchess.com"]
[Source "ChessBase"]
[SourceQuality "1"]
[TimeControl "8100+35"]

1. d4 {[%emt 0:00:00]} c6 {[%emt 0:10:58]} 2. Nf3 {[%emt 0:00:11]} Nf6 {[%emt 0:00:28]} 3. e3 {[%emt 0:00:28]} d5 {[%emt 0:00:05]} 4. Bd3 {[%emt 0:00:05]} Bg4 {[%emt 0:00:05]} 5. c4 {[%emt 0:01:31]} e6 {[%emt 0:00:16]} 6. Nc3 {[%emt 0:07:14]} Nbd7 {[%emt 0:04:00]} 7. O-O {[%emt 0:01:45]} Bd6 {[%emt 0:02:21]} 8. h3 {[%emt 0:07:05]} Bh5 {[%emt 0:00:45]} 9. e4 {[%emt 0:03:54]} dxe4 {[%emt 0:02:24]} 10. Nxe4 {[%emt 0:00:11]} Nxe4 {[%emt 0:00:33]} 11. Bxe4 {[%emt 0:00:06]} Bg6 {[%emt 0:02:04]} 12. Bxg6 {[%emt 0:03:06]} hxg6 {[%emt 0:00:06]} 13. d5 {[%emt 0:00:12]} cxd5 {[%emt 0:01:56]} 14. cxd5 {[%emt 0:00:36]} e5 {[%emt 0:00:50]} 15. Bg5 {[%emt 0:07:51]} Qb6 {[%emt 0:01:38]} 16. Qa4 {[%emt 0:01:55]} Qb4 {[%emt 0:02:43]} 17. Qxb4 {[%emt 0:07:45]} Bxb4 {[%emt 0:00:02]} 18. a3 {[%emt 0:00:15]} Bd6 {[%emt 0:00:44]} 19. Nd2 {[%emt 0:03:36]} f6 {[%emt 0:06:39]} 20. Be3 {[%emt 0:00:46]} Ke7 {[%emt 0:07:33]} 21. Rac1 {[%emt 0:03:54]} Rhc8 {[%emt 0:08:15]} 22. Nc4 {[%emt 0:07:48]} b6 {[%emt 0:02:18]} 23. a4 {[%emt 0:11:14]} Rc7 {[%emt 0:06:06]} 24. f4 {[%emt 0:25:22]} Rac8 {[%emt 0:02:48]} 25. b3 {[%emt 0:02:42]} Bc5 {[%emt 0:08:11]} 26. Bxc5+ {[%emt 0:01:07]} Rxc5 {[%emt 0:00:15]} 27. d6+ {[%emt 0:04:11]} Ke6 {[%emt 0:01:12]} 28. Rfe1 {[%emt 0:10:03]} Kf5 {[%emt 0:03:25]} 29. fxe5 {[%emt 0:06:53]} fxe5 {[%emt 0:12:41]} 30. Re3 {[%emt 0:01:11]} a6 {[%emt 0:08:43]} 31. Rf1+ {[%emt 0:00:20]} Kg5 {[%emt 0:15:00]} 32. Rf7 {[%emt 0:02:23]} b5 {[%emt 0:01:34]} 33. axb5 {[%emt 0:02:54]} axb5 {[%emt 0:00:05]} 34. Nd2 {[%emt 0:02:20]} Rc1+ {[%emt 0:00:39]} 35. Kh2 {[%emt 0:00:18]} Rd8 {[%emt 0:01:49]} 36. Rxg7 {[%emt 0:01:39]} Kh6 {[%emt 0:01:09]} 37. Rf7 {[%emt 0:01:25]} Nc5 {[%emt 0:01:42]} 38. Rc7 {[%emt 0:01:51]} Rxd6 {[%emt 0:03:38]} 39. Ne4 {[%emt 0:01:18]} Rd3 {[%emt 0:03:18]} 40. Rxd3 {[%emt 0:11:44]} Nxd3 {[%emt 0:00:11]} 41. Rxc1 {[%emt 0:01:19]} Nxc1 {[%emt 0:00:05]} 42. Nc5 {[%emt 0:00:03]} Kg5 {[%emt 0:00:39]} 43. Kg3 {[%emt 0:00:15]} Kf6 {[%emt 0:02:30]} 44. Kg4 {[%emt 0:02:46]} Ke7 {[%emt 0:01:08]} 45. Kg5 {[%emt 0:02:01]} Kd6 {[%emt 0:00:30]} 46. Ne4+ {[%emt 0:02:08]} Kd5 {[%emt 0:00:20]} 47. Nc3+ {[%emt 0:00:11]} Kc5 {[%emt 0:03:49]} 48. Kxg6 {[%emt 0:01:26]} b4 {[%emt 0:05:37]} 49. Nd1 {[%emt 0:01:06]} Nxb3 {[%emt 0:16:45]} 50. h4 {[%emt 0:00:03]} Nd4 {[%emt 0:00:36]} 51. h5 {[%emt 0:00:08]} Ne6 {[%emt 0:00:28]} 52. h6 {[%emt 0:01:06]} b3 {[%emt 0:00:38]} 53. Kf6 {[%emt 0:01:02]} Nf8 {[%emt 0:02:36]} 54. Kxe5 {[%emt 0:01:10]} Kc4 {[%emt 0:00:17]} 55. Kf6 {[%emt 0:00:39]} Kd3 {[%emt 0:00:34]} 56. Kg7 {[%emt 0:00:12]} Kc2 {[%emt 0:01:21]} 57. Kxf8 {[%emt 0:00:45]} Kxd1 {[%emt 0:00:05]} 58. Kg7 {[%emt 0:03:21]} Kc2 1-0

[Event "Irish Championship 2020"]
[Site "Dublin"]
[Date "2020.08.09"]
[Round "9.14"]
[White "Jackson, Carl"]
[Black "MacElligott, Gerard"]
[Result "1/2-1/2"]
[WhiteElo "2021"]
[BlackElo "2020"]
[Annotator "TA"]
[PlyCount "38"]
[EventDate "2020.08.01"]
[EventType "swiss"]
[EventCountry "IRL"]
[SourceTitle "playchess.com"]
[Source "ChessBase"]
[SourceQuality "1"]

{[%evp 9,38,-21,0,-16,0,-10,9,-29,7,7,16,-54,-50,-52,-32,-32,-29,-29,-13,-11,-8,-8,-6,-14,-7,-14,0,-23,0,-29,-32]} 1. b3 e5 2. Bb2 Nc6 3. e3 Nf6 4. Bb5 Bd6 5. Ne2 O-O 6. O-O {A01: Nimzowitsch-Larsen Opening.} Re8 7. Ng3 Ne7 {[#]} 8. Na3 $146 {With the idea Nc4.The position is equal.} ({Predecessor:} 8. f4 Ng6 9. Nf5 Bf8 10. fxe5 Nxe5 11. h3 c6 12. d4 Ng6 13. Bd3 d5 14. Qe1 {½-½ (61) Gonzalez Rodriguez,J (2199)-Torrecillas Martinez,A (2322) Barcelona 2019}) 8... Ng6 9. Be2 c6 10. Nh5 (10. c4 $11) 10... Nxh5 $15 11. Bxh5 Qe7 12. Nc4 Bc7 13. d4 d5 14. Nxe5 Nxe5 15. dxe5 Bxe5 16. Bxe5 Qxe5 17. Bf3 Bf5 18. Rc1 Rad8 19. Qd4 Qxd4 {Accuracy: White = 72%, Black = 92%.} 1/2-1/2